Chemistry for textile students (Record no. 114020)

MARC details
000 -LEADER
campo de control de longitud fija 00544nam a2200157 4500
001 - NÚMERO DE CONTROL
campo de control 114020
003 - IDENTIFICADOR DE NÚMERO DE CONTROL
campo de control ES-MaACL
007 - CAMPO FIJO DE DESCRIPCIÓN FÍSICA--INFORMACIÓN GENERAL
campo de control de longitud fija t|
008 - DATOS DE LONGITUD FIJA--INFORMACIÓN GENERAL
campo de control de longitud fija 061121s1920 xxk r ||||1| eng d
100 1# - ENTRADA PRINCIPAL--NOMBRE DE PERSONA
Nombre de persona North, Barker.
9 (RLIN) 86004
245 10 - MENCIÓN DEL TÍTULO
Título Chemistry for textile students
Resto del título : a manual suitable for technical students in the textile and dyeing industries /
Mención de responsabilidad, etc. Barker North ; assisted by Norman Bland.
260 ## - PUBLICACIÓN, DISTRIBUCIÓN, ETC.
Lugar de publicación, distribución, etc. Cambridge :
Nombre del editor, distribuidor, etc. University Press,
Fecha de publicación, distribución, etc. 1920.
300 ## - DESCRIPCIÓN FÍSICA
Extensión VIII, 379 p. ;
Dimensiones 23 cm.
700 1# - ENTRADA AGREGADA--NOMBRE PERSONAL
Nombre de persona Bland, Norman.
9 (RLIN) 29315
852 ## - LOCALIZACIÓN
Ubicación ES-MaACL
Número de control de estantería B-2308
Holdings
Estatus retirado Estado de pérdida Estado de daño No para préstamo Biblioteca de origen Biblioteca actual Ubicación en estantería Fecha de adquisición Fuente de adquisición Total de préstamos Signatura topográfica completa Código de barras Visto por última vez Precio de reemplazo Tipo de ítem Koha
        Biblioteca del Ateneo de Madrid Biblioteca del Ateneo de Madrid Sala Pardo Bazán 17/01/2008     B-2308 1118910 23/02/2023 23/02/2023 Libro impreso